Statistics for Foreign Aid as % of GNI - Top 20

Click here to take the quiz!

General Stats

  • This quiz has been taken 9 times
  • The average score is 19 of 20

Answer Stats

Hint Answer % Correct
12 - 0.36Ireland
100%
11 - 0.37France
100%
1 - 1.40Sweden
100%
13 - 0.32Austria
100%
14 - 0.28Canada
100%
20 - 0.17United States
100%
17 - 0.24Iceland
100%
9 - 0.52Germany
100%
10 - 0.42Belgium
100%
4 - 0.85Denmark
100%
5 - 0.76Netherlands
100%
6 - 0.72UK
100%
2 - 1.05Norway
100%
19 - 0.21Italy
89%
18 - 0.22Japan
89%
15 - 0.27New Zealand
89%
7 - 0.56Finland
89%
8 - 0.52Switzerland
89%
16 - 0.27Australia
89%
3 - 0.93Luxembourg
78%

Score Distribution

Percentile by Number Answered

Percent of People with Each Score

Your Score History

You have not taken this quiz